Top 25 PS4 Games - Statistics

General Stats
  • This quiz has been taken 853 times
  • The average score is 3 of 25
Answer Stats
Rank Answer % Correct
9 Grand Theft Auto 5
65%
6 Uncharted 4: A Thief's End
43%
5 The Last of Us: Remastered
39%
4 Horizon: Zero Dawn
22%
2 Bloodborne
19%
17 Rocket League
15%
16 Ratchet & Clank
14%
11 Overwatch
12%
1 The Witcher III
12%
24 Fallout 4
11%
21 Battlefield 1
10%
14 Dark Souls III
10%
8 Persona 5
9%
3 Metal Gear Solid V: The Phantom Pain
8%
23 Until Dawn
8%
20 Final Fantasy VX
5%
10 Rise of the Tomb Raider
4%
18 Dragon Age: Inquisition
3%
13 Nioh
3%
15 Dishonored 2
2%
12 Inside
1%
25 Resogun
1%
7 The Witness
1%
19 Firewatch
0%
22 Tales From the Borderlands
0%
No matching quizzes found
Score Distribution
Percent of People with Each Score
Percentile by Number Answered
Your Score History
You have not taken this quiz